| 000 | 00517nam a22002057a 4500 | ||
|---|---|---|---|
| 003 | OSt | ||
| 008 | 230215b |||||||| |||| 00| 0 eng d | ||
| 020 | _a8170087910 | ||
| 020 | _a978-8170087915 | ||
| 041 | _aeng | ||
| 082 |
_a624.15136 _bPUN/SO |
||
| 100 | _aPunmia B C | ||
| 245 | _aSoil Mechanics and foundations | ||
| 250 | _a16 | ||
| 260 |
_aNew Delhi _bLaxmi Publications (P) Lmitd _c2005 |
||
| 300 |
_a916 _bColored plates |
||
| 700 | _aJain, Ashok Kumar | ||
| 700 | _aJain, Arun Kumar | ||
| 942 | _cBK | ||
| 999 |
_c14114 _d14114 |
||